000 00527nam a2200229Ia 4500
003 OSt
005 20220912144332.0
006 a|||||r|||| 00| 0
007 ta
008 220909b |||||||| |||| 00| 0 eng d
020 _aSL01444649
024 _a196396
037 _cTextual
040 _aCSL
_beng
_cCSL
041 _aeng
082 _aC6:24, P2;15
100 _aSZE SM
245 0 _aSemoconducter devices
700 _aSZE SM
942 _hC6:24, P2;15
_cTEXL
_2CC
999 _c5252
_d5252